00430nam a2200181Ia 4500001000900000003000500009005001700014008004100031010001100072040000900083082001500092100001600107245003300123260003100156300001100187400003700198650001300235dia_1950CHAP20230621142941.0220117s1969 xx 000 0 und d a172486 cCHAP a633.73 C67 aCoste, Rene aEl Café /c por Rene Coste aBarcelona :b Blume,c1969 a285 p. aCOLECCIÓN AGRICULTURA TROPICAL a1.Café